Giáo trình lịch sử địa phương

Khái luận về lịch sử địa phương. Giới thiệu phương pháp nghiên cứu, biên soạn và giảng dạy lịch sử địa phương, biên soạn lịch sử nhà trường, xây dựng phòng truyền thống có kèm theo phần thực hành

Đã lưu trong:
書目詳細資料
其他作者: Hoàng Thanh Hải, Nguyễn Cảnh Minh (ch.b.), Đỗ Hồng Thái, Nguyễn Văn Đằng
格式: 圖書
語言:Vietnamese
出版: H. Đại học Sư phạm 2010
主題:
標簽: 添加標簽
沒有標簽, 成為第一個標記此記錄!
Thư viện lưu trữ: Mạng thư viện Đại học Đà Nẵng
LEADER 01740aam a22004218a 4500
001 000025283
003 21776
005 20170920090956.0
008 170914s2010 viesd
020 |c 25000đ  |d 1000b 
041 0 |a vie 
082 1 4 |2 14  |a 907  |b Lic 
245 0 0 |a Giáo trình lịch sử địa phương  |c Nguyễn Cảnh Minh (ch.b.), Đỗ Hồng Thái, Hoàng Thanh Hải, Nguyễn Văn Đằng 
260 |a H.  |b Đại học Sư phạm  |c 2010 
300 |a 183 tr.  |c 24 cm. 
500 |a Đầu bìa sách ghi: Bộ Giáo dục và Đào tạo. Dự án Đào tạo Giáo viên THCS 
504 |a Thư mục: tr. 183 
520 |a Khái luận về lịch sử địa phương. Giới thiệu phương pháp nghiên cứu, biên soạn và giảng dạy lịch sử địa phương, biên soạn lịch sử nhà trường, xây dựng phòng truyền thống có kèm theo phần thực hành 
650 0 4 |a Lịch sử địa phương  |v Giáo trình 
650 7 |2 Bộ TK TVQG 
650 7 |2 Bộ TK TVQG 
650 7 |2 Bộ TK TVQG 
653 |a Lịch sử địa phương 
655 7 |2 Bộ TK TVQG  |a Giáo trình 
700 1 |a Hoàng Thanh Hải 
700 1 |a Nguyễn Cảnh Minh  |e ch.b. 
700 1 |a Đỗ Hồng Thái 
700 1 |a Nguyễn Văn Đằng 
OWN |a LSP 
AVA |a UDN50  |b LSP  |d 907 Lic  |e check_holdings  |t Error 5003 Not defined in file expand_doc_bib_avail.  |h N  |k 1 
999 |a From the UDN01 
AVA |a UDN50  |b LSP  |d 907 Lic  |e available  |t Error 5001 Not defined in file expand_doc_bib_avail.  |f 20  |g 2  |h N  |i 29  |k 1 
TYP |a Monograph 
TYP |a Printed language 
980 |a Mạng thư viện Đại học Đà Nẵng